000 01001nam a22003377a 4500
001 BR0701929
003 BR-BrBNA
005 20230928102404.0
007 ta
008 230509b bl.||||| |||| 00| 0 por d
040 _aBR-BrBNA
_bpor
_cBiblioteca Nacional de Agricultura
041 _a(Por)
072 _aF02; D50
_b0600
_b3530
090 _ 0600 BR0701929
110 1 _aComissão Estadual de Sementes e Mudas do Estado do Rio Grande do Sul, Porto Alegre (Brasil)
_92074
245 1 _aNormas e padrões de produção de mudas de fruteiras para o estado do Rio Grande do Sul
260 3 _aPorto Alegre, RS (Brasil):
_c1998.
300 _a100 p.
500 _a8 tables
650 _aFRUTA
650 _aNORMALIZAÇÃO
650 _aPRODUÇÃO VEGETAL
650 _aMUDA
650 _aCONTROLE DE QUALIDADE
650 _aPORTA ENXERTO
650 _aVIVEIRO
650 _aINSPEÇÃO VEGETAL
650 _aRIO GRANDE DO SUL
909 _a202309
_bLucia
_c55
_dLucia Elande
942 _cBK
999 _c70525
_d70525